Sports Quiz

Random Sports or NHL Quiz

#25 Athletes Quiz Stats

 Plays Quiz Updated Apr 15, 2021

Support Sporcle.
Go Orange.
Score 0/12 Timer 03:00
4 Plays Today
Athlete % Correct
Steve Kerr
89.1%
Richard Sherman
88.6%
Barry Bonds
88.1%
Vince Carter
80.1%
Mark McGwire
75.6%
Jim Thome
67.2%
Jason Giambi
62.5%
Gail Goodrich
27.9%
Fred Biletnikoff
22.8%
Tommy John
20.5%
Joe Nieuwendyk
10.2%
Dave Andreychuk
9.6%

You're not logged in!

Compare scores with friends on all Sporcle quizzes.
OR
Log In

From the Vault

Drop a K

by mrsmith

You want to drop a K? From a word? Go ahead!
Remove Ads.
Support Sporcle.
Get the best of Sporcle when you Go Orange. This ad-free experience offers more features, more stats, and more fun while also helping to support Sporcle. Thank you for becoming a member.

Show Comments

Extras

Top Quizzes Today


Score Distribution

Your Account Isn't Verified!

In order to create a playlist on Sporcle, you need to verify the email address you used during registration. Go to your Sporcle Settings to finish the process.

Report this User

Report this user for behavior that violates our Community Guidelines.

Details: